000 00668nam a2200193 i 4500
001 44422
003 ES-MaACL
005 20230906161027.0
007 t|
008 030321s1900 sp ||||1| spa d
080 _a669.14(460)
100 1 _aClemencin, Perfecto Maria.
_939173
245 1 0 _aAdelantos de la siderurgia y de los transportes mineros en el norte de España /
_cpor Perfecto María Clemencín y Jesús M: Buitrago.
260 _aMadrid :
_b[s.n.,
_c1900] (
_fImp. de San Francisco de Sales)
300 _aXVI, 369 p., 61 lám. ;
_c26 cm.
650 4 _aAcero-
_xMetalurgia.
_9164963
700 1 _aBuitrago, Jesús M.
_932471
852 4 _aES-MaACL
_jG-10174
999 _c44422
_d44422